| 000 | 01508nam a22003614a 4500 | ||
|---|---|---|---|
| 001 | ebr10014872 | ||
| 003 | CaPaEBR | ||
| 006 | m u | ||
| 007 | cr cn||||||||| | ||
| 008 | 990610s2000 enk sb 001 0 eng | ||
| 010 | _z 99036183 | ||
| 020 | _z0521770521 (hardcover) | ||
| 020 | _z0521778107 (pbk.) | ||
| 040 |
_aCaPaEBR _cCaPaEBR |
||
| 035 | _a(OCoLC)50984593 | ||
| 050 | 1 | 4 |
_aBL51 _b.H336 2000eb |
| 082 | 0 | 4 |
_a306.6/092 _221 |
| 100 | 1 |
_aHart, William D., _d1957- |
|
| 245 | 1 | 0 |
_aEdward Said and the religious effects of culture _h[electronic resource] / _cWilliam D. Hart. |
| 260 |
_aCambridge, U.K. ; _aNew York : _bCambridge University Press, _c2000. |
||
| 300 | _axiii, 236 p. | ||
| 490 | 1 |
_aCambridge studies in religion and critical thought ; _v8 |
|
| 504 | _aIncludes bibliographical references (p. 228-234) and index. | ||
| 533 |
_aElectronic reproduction. _bPalo Alto, Calif. : _cebrary, _d2013. _nAvailable via World Wide Web. _nAccess may be limited to ebrary affiliated libraries. |
||
| 600 | 1 | 0 |
_aSaid, Edward W. _xContributions in philosophy of religion. |
| 600 | 1 | 0 |
_aSaid, Edward W. _xContributions in concept of secularism. |
| 650 | 0 |
_aReligion _xPhilosophy. |
|
| 650 | 0 | _aSecularism. | |
| 655 | 7 |
_aElectronic books. _2local |
|
| 710 | 2 | _aebrary, Inc. | |
| 830 | 0 |
_aCambridge studies in religion and critical thought ; _v8. |
|
| 856 | 4 | 0 |
_uhttp://site.ebrary.com/lib/rucke/Doc?id=10014872 _zAn electronic book accessible through the World Wide Web; click to view |
| 999 |
_c26709 _d26709 |
||